<?xml version="1.0" encoding="UTF-8"?>
<record
    xmlns:xsi="http://www.w3.org/2001/XMLSchema-instance"
    xsi:schemaLocation="http://www.loc.gov/MARC21/slim http://www.loc.gov/standards/marcxml/schema/MARC21slim.xsd"
    xmlns="http://www.loc.gov/MARC21/slim">

  <leader>00938nam a2200205 i 4500</leader>
  <controlfield tag="001">61773</controlfield>
  <controlfield tag="003">ES-MaACL</controlfield>
  <controlfield tag="005">20230906164534.0</controlfield>
  <controlfield tag="007">t|</controlfield>
  <controlfield tag="008">031113s1922    sp           ||||1| spa d</controlfield>
  <datafield tag="100" ind1="1" ind2=" ">
    <subfield code="a">Farr&#xE9; Moreg&#xF3;, Jos&#xE9; Mar&#xED;a.</subfield>
    <subfield code="9">48889</subfield>
  </datafield>
  <datafield tag="245" ind1="1" ind2="4">
    <subfield code="a">Los atentados sociales en Espa&#xF1;a </subfield>
    <subfield code="b">: estudio sociol&#xF3;gico-jur&#xED;dico. Estad&#xED;stica de los cometidos desde 1&#xBA; de enero de 1917 hasta 1&#xBA; de enero de 1922. Especial de los cometidos en Barcelona desde 1&#xBA; de enero de 1910 hasta 1&#xBA; de enero de 1922 / </subfield>
    <subfield code="c">por Jos&#xE9; M&#xAA; Farr&#xE9; Moreg&#xF3;... ; con un pr&#xF3;logo del Dr. D. Quintiliano Salda&#xF1;a...</subfield>
  </datafield>
  <datafield tag="260" ind1=" " ind2=" ">
    <subfield code="a">Madrid : </subfield>
    <subfield code="b">[s.n.], </subfield>
    <subfield code="c">1922 (</subfield>
    <subfield code="f">Artes Gr&#xE1;ficas)</subfield>
  </datafield>
  <datafield tag="300" ind1=" " ind2=" ">
    <subfield code="a">XXXVI, 273 p. : </subfield>
    <subfield code="b">gr&#xE1;f. ; </subfield>
    <subfield code="c">23 cm.</subfield>
  </datafield>
  <datafield tag="650" ind1=" " ind2="4">
    <subfield code="a">Anarquismo-</subfield>
    <subfield code="z">Espa&#xF1;a.</subfield>
    <subfield code="9">9790</subfield>
  </datafield>
  <datafield tag="650" ind1=" " ind2="4">
    <subfield code="a">Atentados pol&#xED;ticos-</subfield>
    <subfield code="z">Espa&#xF1;a.</subfield>
    <subfield code="9">164779</subfield>
  </datafield>
  <datafield tag="700" ind1="1" ind2=" ">
    <subfield code="a">Salda&#xF1;a, Quintiliano,</subfield>
    <subfield code="d">1878-1938</subfield>
    <subfield code="9">101861</subfield>
  </datafield>
  <datafield tag="852" ind1=" " ind2=" ">
    <subfield code="a">ES-MaACL</subfield>
    <subfield code="j">F-4863</subfield>
  </datafield>
  <datafield tag="999" ind1=" " ind2=" ">
    <subfield code="c">61773</subfield>
    <subfield code="d">61773</subfield>
  </datafield>
  <datafield tag="952" ind1=" " ind2=" ">
    <subfield code="0">0</subfield>
    <subfield code="1">0</subfield>
    <subfield code="4">0</subfield>
    <subfield code="7">0</subfield>
    <subfield code="a">ATENEOM</subfield>
    <subfield code="b">ATENEOM</subfield>
    <subfield code="c">DEPO2</subfield>
    <subfield code="d">2008-01-17</subfield>
    <subfield code="e">SC</subfield>
    <subfield code="l">0</subfield>
    <subfield code="o">F-4863</subfield>
    <subfield code="p">1064770</subfield>
    <subfield code="r">2023-02-23 00:00:00</subfield>
    <subfield code="w">2023-02-23</subfield>
    <subfield code="y">MONOGRAFIA</subfield>
  </datafield>
</record>
